000
00303nam a2200133Ia 4500
999
_c
6311
_d
6311
003
OSt
008
191201s2015 xx 000 0 und d
100
_a
BHAVIKATTI,SS
245
0
_a
Finite Element Analysis
260
_a
N. delhi
_b
New Age
_c
2015
300
_a
334
650
_a
B.Tech(CE)
942
_2
ddc
_c
BK